Дело о выдаче баварскому подданному Иохиму 10-летней привилегии на способ приготовления гальванических тепов или литер

RUSMARC
00005816cmc2a2200000 x 450
001ddf39302-0182-4a10-8e22-2849950f7755
00520170615162136.0
100##$a20131016l18501850k y0rusy0189 ca
1010#$arus
102##$aRU
251##$cДело
2250#$aДепартамент государственной экономии Государственного совета
$hОпись № 4
$i1850 год
324##$aПленка
801#0$aRU
$bРГИА
801#1$aRU
$bГлавНИВЦ
$2rusmarc
801#2$aRU
$bПБ им. Б.Н. Ельцина
$c20131028
$gRCR
$2rusmarc
850##$aФедеральное казенное учреждение "Российский государственный исторический архив" (РГИА)
852##$aРГИА
$j84
937##$aASBIBLIO_SCAN
$bРГИА_1152:_4:1850_84:
$d6105067
$hРГИА
2001#$aДело о выдаче баварскому подданному Иохиму 10-летней привилегии на способ приготовления гальванических тепов или литер
$eначато 20 июля 1850 г.
$eВысочайше утверждено 2 октября 1850 г.
$j1850
215##$a10 листов
035##$addf39302-0182-4a10-8e22-2849950f7755
1222#$ad18500720##
$ad18501002##
300##$aРукописный текст. Чернила
300##$aОригинальный заголовок дела: О привилегии баварскому подданному Иохиму на способ приготовления гальванических тепов или литер
461#0$10010d5be7de-e8a8-41f9-ad39-4638185d5a90
$12001
$aДепартамент государственной экономии Государственного совета
$1251
$cФонд
$1852
$j1152
462#0$100183877329-2d90-4008-90eb-bd48d4a741cd
$12001
$a1850-1856
$vД. 84
$1251
$cОпись
$1852
$j4
5171#$aО привилегии баварскому подданному Иохиму на способ приготовления гальванических тепов или литер
605##$2acquisition_Prlib
$3LIBNET\UAF\0000062987
$aБавария
$lколлекция
605##$aРоссия - Германия: из истории взаимоотношений
$lколлекция
$2acquisition_Prlib
$3LIBNET\UAF\0000060593
605##$2acquisition_Prlib
$3DITM\AF\0000003834
$aНарод
$lколлекция
686##$a63.3(2)521.2ю1
$2rubbk
$vLBC/M
686##$a76.103(2)52.1
$vLBC/M
$2rubbk
6061#$2nlr_sh
$3RU\NLR\AUTH\661439613
$aНемцы
$jДокументы и материалы
$xИстория
$yРоссия
6061#$aТипографское дело
$jДокументы и материалы
$xИстория
$yРоссия
$2prlib_sh
$3LIBNET\UAF\0000062999
8564#$uhttp://www.prlib.ru/Lib/pages/item.aspx?itemid=138429
Формат отображения